000 00752nam a2200205Ia 4500
005 20260121110023.0
008 008 260114s9999 xx 000 0 hin d
020 _a9788132360131
037 _aEBOOK
040 _aCRL
_bhin
_cCRL
041 _ahin
_2hin
084 _qCRL
100 _aजयदेव मिश्र / Jaydev Mishra
_9941074
245 0 _aजैविक सामग्री, कृत्रिम अंग एवं उत्तक अभियंत्रण / Jaivik Samagri, Krutrim Ang aur Uttak Abhiyantriki
260 _bभाषा प्रकाशन / Bhasha Prakashan
_c2021
856 _uhttps://bhashaprakashan.com/product-details/382657
942 _cEBOOK
999 _c1532739
_d1532739